LEADER 01529nam a2200325 a 4500 001 000000127549 003 CaOOAMICUS 005 20131122124622.0 008 120208s2011 it ho u000 u ita r 020 $a978-88-6409-089-4 040 $aPUL$bita 082 04$a262.52 100 1 $aSkrzypczac, Robert,$csac.$0(OLS)http://pul/name/81382 245 10$aKarol Wojtyla al Concilio Vaticano II :$bla storia e i documenti /$cdon Robert Skrzypczak. 260 $aVerona :$bFede & Cultura,$c2011. 300 $a445 p. :$bfacsim., foto. ;$c21 cm 490 1 $aCollana storica ;$v28 600 04$aIohannes Paulus PP.$bII,$cs.,$d1920-2005$xConcilio Vaticano II.$0(OLS)http://pul/subject/15576 611 24$aConcilium Vaticanum$n(2 :$d1962-1965)$xStudi.$0(OLS)http://pul/subject/18479 830 0$aCollana storica (Fede & Cultura) ;$v28.$0(OLS)http://pul/title/143490 850 $aPUL 852 $aPUL$W1$xSL Religione 3$y85$m262. 52 SKRRO 1$j147579$qDDC 21$B146210$CPULBib$Z2$F146210 $H117265 $82 852 $aPUL$W1$xFondo C.V.II$y119$mBIO 20$j157075$qFondi$B156565$CPULBib$Z2$F156565 $HCVII134 $82 941 1 $a1 941 1 $a9 996 $6020$a978-88-6409-089-4$9(OLS)http://pul/number/148889 996 $6082$a262.52$9(OLS)http://pul/classification/356 996 $6245$aKarol Wojtyla al Concilio Vaticano II :$bla storia e i documenti$9(OLS)http://pul/title/161174 996 $6260$aVerona :$bFede & Cultura$9(OLS)http://pul/publisher/79442 LEADER 01118nam a2200253 u 4500 001 000000042234 003 CaOOAMICUS 005 20070226114313.0 008 990223s1989 it u000 u ita u 035 $a10815217 040 $aPUL(R)$bita 245 00$aAtti del convegno internazionale sul tema :$bL'educazione alla pace, 13-14-15 novembre 1986 /$ca cura di Bruno Ficili. 246 30$aEducazione alla pace .. 260 $aCaltanisetta :$bSciascia editore,$cc1989. 300 $a174 p. ;$c20 cm 650 4$aPace.$0(OLS)http://pul/subject/4327 700 1 $aFicili, Bruno.$0(OLS)http://pul/name/31038 850 $aPUL 852 $aPUL$W1$xDP1 Cons. Gen., Altre Classi 1$y22$m44 C 44$j57126$nBK-PRI$b $qStampati$B57126$CPULBib$Z2$F57126 $H $81 941 1 $a8 961 $aINV: 62578 996 $6245$aAtti del convegno internazionale sul tema :$bL'educazione alla pace, 13-14-15 novembre 1986$9(OLS)http://pul/title/56972 996 $6246$aEducazione alla pace ..$9(OLS)http://pul/title/56973 996 $6260$aCaltanisetta :$bSciascia editore$9(OLS)http://pul/publisher/64807